000 01151cam a22002891i 4500
003 SA-RiAUC
005 20250530113628.0
008 250529s1984 iq f 000 0 ara c
040 _aSA-RiAUC
_bara
_cSA-RiAUC
_erda
043 _aa-iq---
082 0 4 _a342.56
_qSA-RiAUC
090 _a342.56
_bع م ر
100 1 _aالعمري، إسماعيل
_eمؤلف.
245 1 2 _aالحق ونظرية التعسف في استعمال الحق في الشريعة والقانون /
_cتأليف إسماعيل العمري.
250 _aالطبعة الأولى.
264 1 _aالموصل، العراق :
_bمكتبة بسام،
_c1984
300 _a266 صفحة ؛
_c24 سم
336 _aنص
_btxt
_2rdacontent
_3كتاب
337 _aبدون وسيط
_bn
_2rdamedia
338 _aمجلد
_bnc
_2rdacarrier
650 7 _aنظرية الحق
_zالعراق
_2aucsh
650 7 _aنظرية الحق (فقه إسلامي)
_2aucsh
650 7 _aنظرية التعسف (قانون)
_zالعراق
_2aucsh
650 7 _aنظرية التعسف (فقه إسلامي)
_2aucsh
942 _2ddc
_cBOOK
_n0
949 _aSA-JeALM
_d250529
_umohamedma123
_n1
999 _c8492
_d8492